000 00667nam a2200277Ia 4500
005 20260324123324.0
008 008 260324s9999 xx 000 0 eng d
020 _a9780203141427
037 _aEBOOK
040 _aCRL
040 _beng
040 _cCRL
041 _2eng
041 _aeng
084 _qCRL
100 _aDavid Barrie; Susan Broomhall
_91169872
245 2 _aA History of Police and Masculinities, 1700-2010
260 _bTaylor and Francis
260 _c2012
365 _a
365 _b230
856 _uhttp://www.taylorfrancis.com/books/9780203141427
942 _cEBOOK
999 _c1763290
_d1763290